000 01277nam a2200301 i 4500
001 bg
245 0 0 _aKompozyty '2000 :
_bteoria i praktyka : IV seminarium, Jaszowiec 29-31. /
_c[red. Zdzisława Tasarz, Lucyna Żyła ; Polskie Towarzystwo Materiałów Kompozytowych, Katedra Odlewnictwa Politechniki Częstochowskiej, Sekcja Materiałów Kompozytowych Komitetu Nauki o Materiałach PAN]
_n3.
_n000 r.
260 _aCzęstochowa :
_bWydaw. PC,
_c2000.
300 _a304, [11] s. :
_bil. ;
_c24 cm.
490 1 _aKonferencje / Politechnika Częstochowska,
_x1234-9895 ;
_v35
500 _aStreszcz. ang. przy ref.
504 _aBibliogr. przy ref.
650 9 _aKompozyty
655 _aMateriały konferencyjne
700 1 _aTASARZ, Zdzisława.
_eRed.
700 1 _aŻYŁA, Lucyna.
_eRed.
710 0 _aPolskie Towarzystwo Materiałów Kompozytowych
710 0 _aPolitechnika Częstochowska
_bKatedra Odlewnictwa
710 0 _aPolska Akademia Nauk
_bKomitet Nauki o Materiałach
_bSekcja Materiałów Kompozytowych
830 0 _aKonferencje (Politechnika Częstochowska) ;
_v35
020 _a837193095X
040 _cBPK
041 0 _apl
_ben
080 _a620.2+678.7](061)
920 _a83-7193-095-X
942 _cKS
008 s pl f |000 0 pol
999 _c38373
_d38373